| 000 | 00574nam a2200193 a 4500 | ||
|---|---|---|---|
| 005 | 20250903063923.0 | ||
| 008 | 991125s19942003mx 000 0 spa u | ||
| 020 | _a9681848748 | ||
| 035 | _aUPN01000055715 | ||
| 049 | _aCG | ||
| 050 | 4 |
_aLB2361.5 _bN4.78 |
|
| 100 | 1 | _aNelson, Annabelle | |
| 245 | 1 | 0 |
_aTécnicas de diseño curricular / _cAnnabelle Nelson. |
| 260 |
_aMéxico : _bLimusa-Noriega, _c1994 (2003 impr.) |
||
| 300 |
_axiii, 127 p. : _bil. |
||
| 534 |
_pTítulo original: _tCurriculum design techniques |
||
| 650 | 4 |
_aDiseño curricular _96719 |
|
| 905 | _aLibro | ||
| 999 |
_c55715 _d55715 |
||